Statistics for Dinosaur general knowledge

Click here to take the quiz!

General Stats

  • This quiz has been taken 4 times
  • The average score is 11 of 15

Answer Stats

HintAnswer% Correct
The three-horned rival of the T. rexTriceratops
100%
The English translation of Tyrannosaurus rexTyrant lizard king
100%
Famous from Walking With Dinosaurs, Big Al was a member of this speciesAllosaurus
75%
Dinosaurs, pterosaurs, and plesiosaurs all belonged to this cladeArchosaurs
75%
Possibly the single largest terrestrial creature of all-timeArgentinosaurus
75%
Ornithischian dinosaurs had these kind of hipsBird
75%
Known as a "fake" dinosaur, evidence suggests this species was indeed its own animalBrontosaurus
75%
The last time period in which non-avian dinosaurs livedCretaceous
75%
This species was nicknamed "Elvisaurus" due to its head crestCryolophosaurus
75%
This dinosaur was initially depicted as a huge lizard with a nose hornIguanodon
75%
Named after a Greek God, this dinosaur may have been the tallest of allSauroposeidon
75%
This massive carnivore may have been semi-aquaticSpinosaurus
75%
There was once a debate regarding whether or not this species was cannibalisticCoelophysis
50%
The South American region known for gigantic dinosaurian inhabitantsPatagonia
50%
Upon discovery, the femur of the Megalosaurus was incorrectly identified as this part of a giant humanScrotum
50%

Score Distribution

Percentile by Number Answered

Percent of People with Each Score

Your Score History

You have not taken this quiz